| 000 | 00452nam a2200145 a 4500 | ||
|---|---|---|---|
| 001 | 000026556 | ||
| 005 | 20200930030302.0 | ||
| 008 | 110323s1978 dr 000 0 spa d | ||
| 040 |
_aDO-SdBNP _bspa _cBNPHU |
||
| 100 | 1 |
_aTerza, María _953660 |
|
| 245 | 1 | 3 |
_aLo que dijo Dios al volver / _cMaría Tereza. |
| 260 |
_aSanto Domingo : _bEditorial Amigo del Hogar, _c1978. |
||
| 300 | _a360 P. | ||
| 500 | _aIncluye datos bigráficos de la autora en la solapa | ||
| 999 |
_c26048 _d26048 |
||